00832nam a2200205 a 450000100100000000500170001000800410002704000250006808200150009310000280010824500310013626000350016730000210020249000450022350400280026859000750029683000520037195201860042399900170060900003501820200930074041.0111024s1973 sp 000 0 spa d aDO-SdBNPbspacBNPHU axxxxbxxxx1 aWoodcock, George96063910aGandhi /cGeorge Woodcock. aBarcelona, :bGrijalbo,c1973. a197 p. ;c18 cm.1 aMaestro del pensamiento contemporaneov6 aBibliografía : p. 195 aPerteneció a la biblioteca personal de Juan Isidro Jimenes Grullón 0aMaestro del pensamiento contemporaneon6960640 001050718MOaGRbGRcHDd2011-10-24iLF1l0oxxxx xxxxp35018-10r2020-06-25w2020-06-25y1zPerteneció a la biblioteca personal de Juan Isidro Jimenes Grullón.ZNo se presta c34509d34509